PV Introduction to Computers (Record no. 158849)

MARC details
000 -LEADER
fixed length control field 00359nam a2200133Ia 4500
008 - FIXED-LENGTH DATA ELEMENTS--GENERAL INFORMATION
fixed length control field 230519s9999 xx 000 0 und d
041 ## - LANGUAGE CODE
Language code of text/sound track or separate title eng
082 ## - DEWEY DECIMAL CLASSIFICATION NUMBER
Classification number C/004/JAI/KUM/DB0022
100 ## - MAIN ENTRY--PERSONAL NAME
Personal name Kumari Neelam & Jain Pooja
9 (RLIN) 180204
245 ## - TITLE STATEMENT
Title PV Introduction to Computers
260 ## - PUBLICATION, DISTRIBUTION, ETC. (IMPRINT)
Name of publisher, distributor, etc. S Vikas and Co
Place of publication, distribution, etc. Jalandhar
Date of publication, distribution, etc. 2009
300 ## - PHYSICAL DESCRIPTION
Extent 401p
Holdings
Withdrawn status Lost status Damaged status Not for loan Collection code Home library Current library Date acquired Cost, normal purchase price Total Checkouts Full call number Barcode Date last seen Bill Date Koha item type Original Barcode
          Smt. Bakul Tambat Institute of Nursing Education Smt. Bakul Tambat Institute of Nursing Education 08/12/2009 375.00   C 004 JAI KUM DB0022 BTIN-DB-22 19/05/2023 08/12/2009 Donated Book DB0022